Jedes Schulfach eine Frage - E - Statistiken

Allgemein
  • Dieses Quiz wurde 307 mal gespielt
  • Das Durchschnittsergebnis liegt bei 10 aus 17
Antwortstatistiken
Schulfach Frage Antwort % Korrekt
Englisch "essen" auf Englisch eat
100%
Sport Mannschaftssportart, welche auf einer Eisfläche stattfindet und deren Ziel es ist, eine kleine Hartgummischeibe, den Puck, in das gegnerische Tor zu bringen Eishockey
90%
Politik Offizielle Währung in 20 EU-Mitgliedstaaten sowie in 6 weiteren europäischen Ländern Euro
90%
Biologie Weibliche Zelle, welche von Spermien befruchtet werden muss, damit sich daraus ein Kind entwickelt Eizelle
87%
Erdkunde Nördlichster der drei baltischen Staaten Estland
85%
Musik US-amerikanischer Rapper, der unter anderem für Songs wie "Lose Yourself", "Mockingbird" oder "Without Me" bekannt ist Eminem
81%
Informatik System zur computerbasierten Verwaltung von briefähnlichen Nachrichten, meist über das Internet E-Mail
79%
Religion Religiöse Praxis, bei der vermeintlich von bösen Geistern besessene Gegenstände, Orte oder Lebewesen "befreit" werden Exorzismus
62%
Deutsch Eine der drei großen Gattungen der Literatur neben Dramatik und Lyrik Epik
58%
Mathematik Bedeutender Mathematiker, der unter anderem viel im Bereich der Analysis entdeckte, und nach welchem zwei mathematischen Konstanten benannt wurden Leonhard Euler
52%
Französisch "sein" auf Französisch être
50%
Chemie Methodisch angelegter, praktischer Versuch mit dem Ziel, eine oder mehrere bestimmte Information(en) über einen Sachverhalt zu erfahren Experiment
48%
Kunst Stilrichtung der Kunst, in welcher man geistig-seelische Inhalte in vereinfachter Form darstellt Expressionismus
34%
Physik Physikalischer Oberbegriff für alle Phänomene, die ihre Ursache in ruhender oder bewegter elektrischer Ladung finden Elektrizität
29%
Latein "Pferd" auf Lateinisch equus
27%
Philosophie Antiker Philosoph und Mathematiker, der die Vermutung aufstellte, es gebe unendlich viele Primzahlen Euklid
25%
Geschichte Ursprünglich preußische, später deutsche Kriegsauszeichnung, die 1813 vom preußischen König Wilhelm III. gestiftet wurde Eisernes Kreuz
24%
Keine übereinstimmenden Quizze gefunden
Verteilung der Resultate
Anzahl Personen mit jedem Resultat
Perzentil nach korrekt beantworteten Fragen
Ihre Resultats-Entwicklung
Sie haben dieses Quiz noch nicht gespielt